Quality planning and analysis From product development through use / J. M. Juran (Registro nro. 23688)

Detalles MARC
000 -LÍDER
fixed length control field 00454nam a2200145 4500
020 ## - NÚMERO INTERNACIONAL NORMALIZADO PARA LIBROS
ISBN 0-07-033178-2
082 ## - NUMERO DE CLASIFICACION DECIMAL DEWEY
Número de Clasificación 658.568 J886q
100 ## - ASIENTO PRINCIPAL--NOMBRE PERSONAL
Nombre personal Juran, J. M.
245 ## - TÍTULO
Título Quality planning and analysis From product development through use / J. M. Juran
250 ## - MENCIÓN DE EDICIÓN
Mención de edición 2a ed.
260 ## - PUBLICACIÓN, DISTRIBUCIÓN, ETC. (PIE DE IMPRENTA)
Lugar de publicación, distribución, etc. Estados Unidos : McGraw- Hill
300 ## - DESCRIPCIÓN FÍSICA
Extensión XVII, 629p. / 24 cm.
650 ## - ASIENTO SECUNDARIO DE MATERIA - TERMINO TEMÁTICO
Término temático o nombre geográfico como elemento de entrada 1. QUALITY COSTS \ 2. PROBABILITY DISTRIBUTIONS
700 ## - ASIENTO SECUNDARIO - NOMBRE PERSONAL
Nombre personal I. Gryna, Frank M., Coaut.
Existencias
No. biblioteca No. biblioteca Número de clasificación Código de barras/Número de adquisición Número de copia Tipo de material
LUIS G. INCLAN LUIS G. INCLAN 658.568 J886q 27381 3 Libros
Calzada Tecnológico # 27, Zacatepec, Morelos.
01(734) 343-07-23 / 343-21-10 / 343-21-11
Apdo. Postal 45 C.P 62780